| 000 | 00351nam a2200133Ia 4500 | ||
|---|---|---|---|
| 008 | 240624s9999 xx 000 0 und d | ||
| 041 | _aeng | ||
| 082 | _a658.5 SCH | ||
| 100 | _aSCHIPPER TIMOTHY | ||
| 245 | _aINNOVATIVE LEAN DEVELOPMENT HOW TO CREAT | ||
| 260 |
_c2010 _aLondon _bCRC Press |
||
| 300 | _axxv, : 174 : p. : cm. ; 25 | ||
| 365 |
_cGBP _b26 |
||
| 999 |
_c20641 _d20641 |
||